000 00606nam a22002297a 4500
003 UA-OsUOA
001 97126
007 ta
008 20130326b un ||||| |||| 00| 0 ukr d
100 _aОстин Дж.
090 _a821.111
_bО-76
942 _cBK
040 _aUA-OsUOA
_brus
_cUA-OsUOA
_dUA-OsUOA
245 _aГордость и придуприждение
_bроман
300 _a384 с.
955 _a2
041 _arus
080 _a821.111
260 _aМ.
_bПравда
_c1989
650 7 _a82 Література. Літературознавство
_2UDC
999 _c383380
_d383380